000 01096 a2200241 4500
003 Nust
005 20220802134903.0
010 _a 2005050014
020 _a8173192715
040 _cNust
082 0 0 _a005.1,JAL
100 1 _aJalote, Pankaj.
_960760
245 1 3 _aAn integrated approach to software engineering /
_cPankaj Jalote.
250 _a2nd ed.
260 _aNew Delhi
_bNarosa publishing house
_c1997
300 _axiv, 497 p. :
_bill. ;
_c24 cm.
440 0 _aTexts in computer science
_987718
505 _aIntroduction (Page-1), Software Processes (Page-23), Software Requirements Analysis And Specification (Page-73), Planning A Software Project (Page-159), Function Oriented Design (Page-209), Object Oriented Design (Page-273), Detailed Design (Page-329), Coding (Page-355), Testing (Page-403).
650 0 _aSoftware engineering.
_92256
856 4 2 _3Publisher description
_uhttp://www.loc.gov/catdir/enhancements/fy0662/2005050014-d.html
856 4 2 _3Table of contents only
_uhttp://www.loc.gov/catdir/enhancements/fy0818/2005050014-t.html
942 _2ddc
_cBK
_k005.1,JAL
999 _c176467
_d176467